00459nam a22001457a 4500003000500000005001700005008004100022020001800063050002400081082003000105100002100135245008300156260005000239300002400289PILC20150112093433.0130222t xxu||||| |||| 00| 0 eng d a9780521170512 aPE 1128b.C178 2010 aLnSF 428.0076 bC328 2010 aJakeman, Vanessa aCambridge practice tests for IELTS 1 /cJakeman, Vanessa and McDowell, Clare.  aCambridgebCambridge University Press,c2010. a156 pages :c24 cm.